Materialities of Age and Ageing: Concepts of a Material Gerontology (Record no. 34194)
[ view plain ]
| 000 -LEADER | |
|---|---|
| fixed length control field | 00588nam a2200133Ia 4500 |
| 008 - FIXED-LENGTH DATA ELEMENTS--GENERAL INFORMATION | |
| fixed length control field | 220620s9999||||xx |||||||||||||| ||und|| |
| 020 ## - INTERNATIONAL STANDARD BOOK NUMBER | |
| International Standard Book Number | 9782890000000 |
| 245 #0 - TITLE STATEMENT | |
| Title | Materialities of Age and Ageing: Concepts of a Material Gerontology |
| 546 ## - LANGUAGE NOTE | |
| Language note | English[eng] |
| 650 ## - SUBJECT ADDED ENTRY--TOPICAL TERM | |
| Topical term or geographic name entry element | material gerontology||Gerontological research||materialities of age and ageing||non-human||Doing Age||New materialism||Gerontechnology||actor-network-theory |
| 700 ## - ADDED ENTRY--PERSONAL NAME | |
| Personal name | Höppner, Grit||Urban, Monika |
| 856 ## - ELECTRONIC LOCATION AND ACCESS | |
| Uniform Resource Identifier | <a href="https://www.frontiersin.org/research-topics/6076/materialities-of-age-and-ageing">https://www.frontiersin.org/research-topics/6076/materialities-of-age-and-ageing</a> |
| 942 ## - ADDED ENTRY ELEMENTS (KOHA) | |
| Koha item type | E-Books |
| Withdrawn status | Lost status | Damaged status | Not for loan | Home library | Current library | Date acquired | Total Checkouts | Date last seen | Price effective from | Koha item type |
|---|---|---|---|---|---|---|---|---|---|---|
| Kerala University of Digital Sciences, Innovation and Technology Knowledge Centre | Kerala University of Digital Sciences, Innovation and Technology Knowledge Centre | 20/06/2022 | 20/06/2022 | 20/06/2022 | E-Books |